| 000 | 01000nam2a2200253 4500 | ||
|---|---|---|---|
| 001 | RU\NLR\BIBL_A\011719840 | ||
| 005 | 20180830143008.0 | ||
| 010 |
_a978-5-00072-271-8 _9100 |
||
| 021 |
_aRU _bКН-П-18-034388 _9КН-П-18-2498 |
||
| 035 | _a(NLR Aleph) 011719840 | ||
| 035 | _a(RuMoRGB)009627506 | ||
| 090 |
_a11477051 _c11477051 |
||
| 100 | _a20180605d2017 u y0rusy50 ca | ||
| 101 | 0 | _arus | |
| 102 | _aRU | ||
| 105 | _aah||z|||000zy | ||
| 200 | 0 | _aКн. 2 | |
| 210 | _d2017 | ||
| 215 |
_a496, [2] с. _cцв. ил., факс. |
||
| 461 | 0 |
_1001RU\NLR\BIBL_A\011730139 _12001#$aМолодо-зелено. Кн. 2$vКн. 2 _1700#1$aГузев$bМ. М.$gМихаил Михайлович$f1949-$3RU\NLR\AUTH\770193008 _911523053 _aГузев, М. М. (1949-) _cВолгоград _d2017 _fМ.М. Гузев _nВолгоградское научное изд-во _tМолодо-зелено _vКн. 2 |
|
| 942 | _cBOOK | ||
| 980 | _aNB | ||